03356nab a2200265 i 4500003000900000005001700009008004100026040001800067072001400085100002900099100002800128100003800156100002800194100003100222245008600253500006600339520108600405520121001491650002602701650002202727650003502749650001302784773021502797856007803012BR-BrBNA20240119111710.0240119b2022 bl.ar|pooa||| 00| 0 eng | aBR-BrBNAbeng aF03b1930 aCruz, José de Oliveira aMartins, Cibele Chalita aSilva, Patricia Cândido da Cruz aBarros, Renato Teó de aSilva, Givanildo Zildo da  aProvenance, viability and physical quality in seeds of Panicum maximum ‘Mombasa aPublicação online; 31 ref.; 3 tables; Summaries (En, Pt)  a ABSTRACT - Identifying areas that would enable the production of highly pure and viable seeds is important for the logistics of companies that act in the seed sector. The aim of the present study was to evaluate the effect of provenance on the viability and physical quality of seeds of Panicum maximum ‘Mombasa’. Nineteen seed batches from the states of São Paulo (six from Auriflama and three from Guzolândia) and Goiás (eight from Quirinópolis and two from Serranópolis) were evaluated using the following parameters: water content, viability by tetrazolium test, physical purity, PLS, 1000-seed weight and number of other seeds. Physical quality and viability in seeds of P. maximum ‘Mombasa’ are affected by their provenance. All the seed batches showed a sufficient level of viability to meet marketing standards. Based on physical purity, seed samples from Quirinópolis, Goiás should not be marketed. Based on an examination of noxious seeds, 85% of the seed samples are suitable for marketing. Key words: Export. Mombasa Grass. Noxious seeds. PLS. a RESUMO - A identificação de áreas que possibilitam a produção de sementes com elevada pureza e viabilidade é importante para a logística das empresas do setor sementeiro. Nesse sentido, o objetivo desta pesquisa foi avaliar o efeito da procedência na viabilidade e na qualidade física de sementes de Panicum maximum cv. Mombaça. Dezenove lotes de sementes procedentes dos Estados de São Paulo (seis de Auriflama e três de Guzolândia) e Goiás (oito de Quirinópolis e dois de Serranópolis) foram avaliados por meio dos seguintes parâmetros: teor de água, viabilidade pelo teste de tetrazólio, pureza física, valor cultural, peso de mil sementes e outras sementes por número. A qualidade física e a viabilidade das sementes de P. maximum cv. Mombaça são influenciadas pela procedência. Todos os lotes apresentam sementes com viabilidade suficiente para atender aos padrões de comercialização. Com base na pureza física, o lote dois de Quirinópolis – GO não pode ser comercializado. Com base no exame de sementes nocivas 85% dos lotes podem ser comercializados. Palavras-chave: Valor cultural. Exportação. Capim-mombaça. Semente nociva aGRAMÍNEA FORRAGEIRA aTESTE DE SEMENTES aPROPRIEDADE FÍSICO-QUÍMICA aQALIDADE0 04290dFortaleza-CE Universidade Federal do Ceará. Centro de Ciências Agrárias 2002o2023-437432tRevista Ciência Agronômica (Brazil)x0045-6888; 1806-6690 (on-line)gv. 53 p. 1-8; (2022)wBR2023002249 uhttps://www.scielo.br/j/rca/a/JSFcqbppxrMf68LfRdBY8hB/?format=pdf&lang=en